Diccionario de sinónimos e ideas afines / (Record no. 93626)

MARC details
000 -LEADER
campo de control de longitud fija 00742nam a2200217 i 4500
001 - NÚMERO DE CONTROL
campo de control 93626
003 - IDENTIFICADOR DE NÚMERO DE CONTROL
campo de control ES-MaACL
005 - FECHA Y HORA DE LA ÚLTIMA TRANSACCIÓN
campo de control 20230906181258.0
007 - CAMPO FIJO DE DESCRIPCIÓN FÍSICA--INFORMACIÓN GENERAL
campo de control de longitud fija t|
008 - DATOS DE LONGITUD FIJA--INFORMACIÓN GENERAL
campo de control de longitud fija 050415s1941 sp d |||| | spa d
080 ## - NÚMERO DE LA CLASIFICACIÓN DECIMAL UNIVERSAL
Número de la Clasificación Decimal Universal (038)=134.2'373.42
100 1# - ENTRADA PRINCIPAL--NOMBRE DE PERSONA
Nombre de persona López Bejarano, Amós.
9 (RLIN) 73449
245 10 - MENCIÓN DEL TÍTULO
Título Diccionario de sinónimos e ideas afines /
Mención de responsabilidad, etc. Amós López Bejarano y Casto Peña; prólogo de José María Salaverria.
260 ## - PUBLICACIÓN, DISTRIBUCIÓN, ETC.
Lugar de publicación, distribución, etc. Barcelona :
Nombre del editor, distribuidor, etc. Bauga,
Fecha de publicación, distribución, etc. 1941.
300 ## - DESCRIPCIÓN FÍSICA
Extensión IX, 403 p. ;
Dimensiones 21 cm.
650 04 - PUNTO DE ACCESO ADICIONAL DE MATERIA--TÉRMINO DE MATERIA
Término de materia o nombre geográfico como elemento de entrada Lengua española-
Subdivisión general Sinónimos y antónimos-
Subdivisión de forma Diccionarios.
9 (RLIN) 14187
700 1# - ENTRADA AGREGADA--NOMBRE PERSONAL
Nombre de persona Peña, Casto.
9 (RLIN) 90210
700 1# - ENTRADA AGREGADA--NOMBRE PERSONAL
Nombre de persona Salaverría, José María,
Fechas asociadas al nombre 1873-1940
9 (RLIN) 101790
852 ## - LOCALIZACIÓN
Ubicación ES-MaACL
Número de control de estantería F-15295
Holdings
Estatus retirado Estado de pérdida Estado de daño No para préstamo Colección Biblioteca de origen Biblioteca actual Ubicación en estantería Fecha de adquisición Fuente de adquisición Total de préstamos Signatura topográfica completa Código de barras Visto por última vez Precio de reemplazo Tipo de ítem Koha
        Colección de referencia Biblioteca del Ateneo de Madrid Biblioteca del Ateneo de Madrid Sala Pecera Planta 2 17/01/2008     F-15295 1097772 23/02/2023 23/02/2023 Libro impreso